000 00413nam a2200145Ia 4500
008 210210b1989 xxu||||| |||| 00| 0 eng d
082 _a428 NIHI
100 _aNIHALANI (Paroo) & others.
245 _aIndian and british english a handbook of usage andpronunication.
260 _aBombay
_bOxford University Press
_c1989
300 _a260
650 _aPronunciation
690 _aEnglish Usage
906 _a043319
999 _c92849
_d92849